000
00486nam a2200169Ia 4500
008
090711s9999 xx 000 0 und d
082
_b
580
100
_a
शिरवळकर सुहास
245
_a
थरारक
260
_b
शशिदीप प्रकाशन
300
_a
252
600
_a
शिरवळकर सुहास
630
_a
थरारक
700
_a
शिरवळकर सुहास
730
_a
थरारक
942
_c
BOOK
999
_c
324079
_d
324079